|
|
|
|
| LEADER |
02453nam a2200637 i 4500 |
| 001 |
nkc20162800122 |
| 003 |
CZ PrNK |
| 005 |
20160725102133.0 |
| 007 |
ta |
| 008 |
160614s2016 xr a e f 000 0 eng |
| 015 |
|
|
|a cnb002800122
|
| 020 |
|
|
|a 978-80-88169-05-5
|q (brožováno)
|
| 035 |
|
|
|a (OCoLC)953516874
|
| 040 |
|
|
|a ABA001
|b cze
|e rda
|
| 043 |
|
|
|a e-xr---
|
| 045 |
|
|
|a y1y2
|
| 072 |
|
7 |
|a 33
|x Ekonomie
|2 Konspekt
|9 4
|
| 080 |
|
|
|a 330.341.1
|2 MRF
|
| 080 |
|
|
|a 658.114
|2 MRF
|
| 080 |
|
|
|a 005.591
|2 MRF
|
| 080 |
|
|
|a 338
|2 MRF
|
| 080 |
|
|
|a (437.3)
|2 MRF
|
| 080 |
|
|
|a (036)
|2 MRF
|
| 100 |
1 |
|
|a Csank, Pavel,
|d 1978-
|7 uk2007362094
|4 aut
|
| 245 |
1 |
0 |
|a INKA :
|b innovation capacity of the Czech Republic: the main conclusions of the verification analyses /
|c authors of the document (in alphabetical order) Pavel Csank, Pavel Jovanovič, Jan Vozáb
|
| 246 |
3 |
0 |
|a Innovation capacity of the Czech Republic: the main conclusions of the verification analyses
|
| 250 |
|
|
|a 1st edition
|
| 264 |
|
1 |
|a Prague :
|b Technology Agency of the Czech Republic,
|c 2016
|
| 300 |
|
|
|a 44 stran :
|b barevné ilustrace ;
|c 21 x 28 cm
|
| 336 |
|
|
|a text
|b txt
|2 rdacontent
|
| 337 |
|
|
|a bez média
|b n
|2 rdamedia
|
| 338 |
|
|
|a svazek
|b nc
|2 rdacarrier
|
| 500 |
|
|
|a Název z obálky
|
| 500 |
|
|
|a Terminologický slovník
|
| 504 |
|
|
|a Obsahuje bibliografické odkazy
|
| 610 |
2 |
7 |
|a INKA - Mapování inovační kapacity 2014+ (projekt)
|7 ko2016920220
|2 czenas
|
| 648 |
|
7 |
|a 2014-2020
|7 ch967325
|2 czenas
|
| 648 |
|
7 |
|a 2011-2020
|7 ch460589
|2 czenas
|
| 650 |
0 |
7 |
|a inovace
|7 ph121118
|z Česko
|2 czenas
|
| 650 |
0 |
7 |
|a podnikání
|7 ph115766
|z Česko
|2 czenas
|
| 650 |
0 |
7 |
|a programy a projekty
|7 ph255086
|z Česko
|y 2011-2020
|2 czenas
|
| 650 |
0 |
9 |
|a innovations
|z Czechia
|2 eczenas
|
| 650 |
0 |
9 |
|a business
|z Czechia
|2 eczenas
|
| 650 |
0 |
9 |
|a programs and projects
|z Czechia
|y 2011-2020
|2 eczenas
|
| 651 |
|
7 |
|a Česko
|7 ge128065
|x hospodářské poměry
|2 czenas
|
| 651 |
|
9 |
|a Czechia
|x economic conditions
|2 eczenas
|
| 655 |
|
7 |
|a informační publikace
|7 fd132454
|2 czenas
|
| 655 |
|
9 |
|a information publications
|2 eczenas
|
| 700 |
1 |
|
|a Jovanovič, Pavel
|7 jo2016909128
|4 aut
|
| 700 |
1 |
|
|a Vozáb, Jan,
|d 1963-
|7 jo2016909126
|4 aut
|
| 910 |
2 |
|
|a BOA001
|b 3-1370.885
|
| 928 |
9 |
|
|a Technologická agentura ČR
|
| 990 |
|
|
|a BK
|
| 995 |
|
|
|a 01
|
| 991 |
|
|
|b 201607
|c NOV
|
| 996 |
6 |
|
|b 2610676143
|c 3-1370.885
|l MZK
|r Sklad / do 1 hodiny
|n 0
|p p.v.
|w 001569849
|u 000010
|a 1
|e BOA001
|j MZK50
|s P
|